| 000 | 02034nam0a2200313 i 4500 | ||
|---|---|---|---|
| 001 | RU\NLR\BIBL_A\011590423 | ||
| 005 | 20240921180243.0 | ||
| 021 |
_aRU _b2017-96007 _96898 |
||
| 021 |
_aRU _b2017-96007 _9КН-П-1558 |
||
| 035 | _a(RuMoRGB)009489307 | ||
| 035 | _a(NLR Aleph) 011590423 | ||
| 090 |
_a10835140 _c10835140 |
||
| 100 | _a20180111d2017 u y0rusy50 ca | ||
| 101 | 0 | _arus | |
| 102 | _aRU | ||
| 105 | _aa|||j|||000zy | ||
| 200 | 1 |
_aБезопасность жизнедеятельности (чрезвычайные ситуации) _eучебно-методическое пособие для всех специальностей _fВ.И. Савинов, И.Б. Кочнева, А.Н. Каленков _gФедеральное агентство морского и речного транспорта, Федеральное государственное бюджетное образовательное учреждение высшего образования "Волжский государственный университет водного транспорта", Кафедра охраны окружающей среды и производственной безопасности |
|
| 210 |
_aНижний Новгород _cИзд-во ФГОБОУ ВО "ВГУВТ" _d2017 |
||
| 215 |
_a195 с. _cил., табл. _d20 |
||
| 320 | _aБиблиогр.: с. 185 (10 назв.) | ||
| 606 | 1 |
_aЧрезвычайные ситуации _jУчебно-методические пособия для высших учебных заведений _xБезопасность жизнедеятельности _92083092 _3RU\NLR\AUTH\661259141 |
|
| 686 | 1 | _aЦ69,6(2Р)0я73-1 | |
| 700 | 1 |
_aСавинов _bВ. И. _gВладимир Иванович |
|
| 701 | 1 |
_aКочнева _bИ. Б. _gИрина Борисовна |
|
| 701 | 1 |
_aКаленков _bА. Н. _gАлександр Николаевич |
|
| 942 | _cBOOK | ||
| 980 | _aNBR | ||